Política fiscal y ciclo económico
Αποθηκεύτηκε σε:
| Κύριος συγγραφέας: | |
|---|---|
| Μορφή: | Βιβλίο |
| Γλώσσα: | Ισπανικά |
| Έκδοση: |
Ciudad de México
Fondo de Cultura Económica
1955
|
| Έκδοση: | 2a. ed |
| Σειρά: | Obras de Economía
|
| Θέματα: | |
| Ετικέτες: |
Προσθήκη ετικέτας
Δεν υπάρχουν, Καταχωρήστε ετικέτα πρώτοι!
|
MARC
| LEADER | 00000nam a2200000 a 4500 | ||
|---|---|---|---|
| 001 | UCT8021 | ||
| 003 | CL-VaPUC | ||
| 008 | 970317e19550000MX |||||||||||||||||spa|d | ||
| 082 | 0 | 4 | |a 336 |b HAN |2 21 |
| 100 | |a Hansen, Alvin Harvey |e author |9 379457 | ||
| 245 | 1 | 0 | |a Política fiscal y ciclo económico |
| 250 | |a 2a. ed | ||
| 300 | |a 381 p | ||
| 942 | |c BK | ||
| 945 | |d 19970317 00:00:00 |a paguirre | ||
| 260 | |a Ciudad de México |b Fondo de Cultura Económica |c 1955 | ||
| 650 | 0 | |a Hacienda pública |9 258673 | |
| 650 | 0 | |a Política fiscal |9 317354 | |
| 650 | 7 | |a PRESUPUESTO NACIONAL |2 CL-VaPUC |9 338436 | |
| 650 | 0 | |a Gasto público |9 335386 | |
| 650 | 0 | |a Deuda pública |9 317902 | |
| 650 | 7 | |a FINANCIACION |2 CL-VaPUC |9 351156 | |
| 650 | 0 | |a Inversiones |9 345867 | |
| 583 | |a last modification |c 19970317 00:00:00 |k Rodrigo Vera | ||
| 490 | 0 | |a Obras de Economía | |
| 999 | |c 256558 |d 256556 | ||
| 952 | |0 0 |1 0 |4 0 |6 336_000000000000000_HAN_1955 |7 0 |8 A |9 279349 |a BIBDER |b BIBDER |d 2019-11-19 |i 1811851 |o 336 HAN 1955 |p 1811851 |r 2023-01-25 |w 2019-11-19 |y BK |k DER | ||